000 00759cam a22002531 4500
001 32905
003 BD-RjUL
005 20211209051919.0
008 140429s1961 ne b 000 0 eng c
035 _a(BD-RjUL)32995
035 _a(OCoLC)1513726
040 _aHarvard Univ. Library
_cVtMiM
_dOCoLC
_dDLC
_dBD-RjUL
_beng
041 _aeng
082 0 4 _a297.162
_bBAM 1961
100 1 _aBaljon, J. M. S.
_q(Johannes Marinus Simon)
_962206
245 1 0 _aModern Muslim Koran interpretation (1880-1960) /
_c J M S Baljon.
260 _aLeiden :
_bE. J. Brill,
_c1961.
300 _aix, 135 p. ;
_c21 cm.
504 _aBibliographical footnotes.
650 7 _a Qurʼan.
_9100030
942 _2ddc
_cBK
999 _c32905
_d32905